Lectures on Criminology & Penology

Detalles Bibliográficos
Autor principal: Hossain, Mohammad Belayet
Formato: eBook
Lenguaje:inglés
Publicado: Nueva Delhi: Lambert Academic Publishing, 2019
Materias:
Acceso en línea:Acceso restringido

MARC

LEADER 00000nam a22000007a 4500
005 2019091808188.0
007 cr|||| ||||
008 190918s2019 in |||||s|||| 00||0 eng d
020 |a 9783659872693 
035 |a 28843 
040 |a vLex 
090 |c 9564  |d 9564 
100 1 |a Hossain, Mohammad Belayet 
245 1 0 |a Lectures on Criminology & Penology  |h [Recurso electrn̤ico] /  |c Mohammad Belayet Hossain 
256 |a Servicio en ln̕ea 
260 |a Nueva Delhi:  |b Lambert Academic Publishing,  |c 2019 
300 |a 1 recurso electrn̤ico 
500 |a The book ‘Lectures on Criminology,Penology’ explains the basic principles of Criminology,Penology and has been designed for law students. The authors tried to simplify the topics in a simple manner for a better understanding of the students. Each chapter of this book have been written in the easiest way possible and applied different techniques to assist students in memorising various terms. This book especially includes facts and judgement of important cases, easy explanation of various important topics, sample questions for examination etc.. It is hoped that this book will help students and legal practitioners to increase their knowledge in the subject-matter. 
506 1 |a Disponible solo en los productos indicados  |d vLex Global  |d vLex Global (Academic Edition, excluding Law Schools)  |d vLex Global (U.S. Academic Edition, Law Schools)  |d vLex Global (U.S. Academic Edition, excluding Law Schools)  |d vLex Global (Academic Edition, Law Schools) 
650 0 4 |a Derecho Penal  |z India 
740 0 |a vLex Libros (Servicio en ln̕ea) 
856 4 0 |u http://vlex.com/source/28843  |z Acceso restringido 
942 |c BOOK 
999 0 |a Criminal law